• 首页
  • 本馆介绍
  • 公告通知
  • 最新文献
  • 馆藏检索
  • 电子资源
  • 读者导购
  • 参考咨询
  • 我的图书馆
  • 登录
  • 详细信息显示
  • 放入我的书架
  • 预约/预借图书
  • 作者相关作品
  • 分类相关作品
  • 丛书相关作品
  • 出版社相关作品

书目信息

  • 表格格式
  • 工作单格式
  • 卡片格式
题名:
影视照明
    
 
作者: 维拉 著 ;方捻 , 方针 译
分册:  
出版信息: 上海   复旦大学出版社  1998
页数: 327页
开本: 26cm
丛书名: 影视艺术技术丛书
单 册:
中图分类: J914
科图分类:
主题词: 电影--技术 , 电视--艺术--技术
电子资源:
ISBN: 7-309-02102-9
000 00724nam0 2200253 45
001 0304071582
005 20031219104108.9
010    @a7-309-02102-9@dCNY32.00
100    @a20030407d1998 km y0chiy0120 ea
101 0  @achi@ceng
105    @a z 000yy
200 1  @a影视照明@AYing Shi Zhao Ming@f(美)戴维·维拉著@F(Mei)Dai Wei·Wei La Zhu@g方捻,方针译
210    @a上海@c复旦大学出版社@d1998
215    @a327页@d26cm
225    @a影视艺术技术丛书
410    @12001 @a影视艺术技术丛书
606 0  @a电影@x技术
606 0  @a电视@x艺术@x技术
690    @aJ914@v4
701  0 @a维拉@4著
702  0 @a方捻@AFang Nian@4译
702  0 @a方针@AFang Zhen@4译
801    @aCN@bTSTC@c20030407
905    @b322305@dJ914@e86@f1
    
    影视照明/(美)戴维·维拉著/方捻,方针译.-上海:复旦大学出版社,1998
    327页;26cm.-(影视艺术技术丛书)
    
    
    ISBN 7-309-02102-9:CNY32.00
    
●
相关链接 在E读中查询图书 在五车中查询图书 在当当中查询图书 在豆瓣中查询图书


正题名:影视照明     索取号:J914/86         预约/预借

序号 登录号 条形码 馆藏地/架位号 状态 备注
1 0322305   203223056   第一样本阅览室/ [索取号:J914/86] 在馆    
唐山师范学院图书馆 欢迎您!
大连网信软件有限公司© 版权所有